Bir ev yapmak / (Record no. 21829)

MARC details
000 -BAŞLIK
Sabit Uzunluktaki Kontrol Alanı 00586nam a22001937a 4500
003 - KONTROL NUMARASI KİMLİĞİ
Kontrol Alanı koha_MIRAKIL
005 - EN SON İŞLEM TARİHİ ve ZAMANI
Kontrol Alanı 20250416125550.0
008 - SABİT UZUNLUKTAKİ VERİ ÖGELERİ - GENEL BİLGİ
Sabit Alan 250416b tur||||| |||| 00| 0 tur d
020 ## - ISBN - ULUSLARARASI STANDART KİTAP NUMARASI
Isbn 9786057199515
040 ## - KATALOGLAMA KAYNAĞI
Özgün Kataloglama Kurumu TR-IsEVY
Kataloglama Dili tur
Çeviri Kurumu TR-IsEVY
082 ## - DEWEY ONU SINIFLAMA SİSTEMİ
Sınıflama Numarası 690 FAB/B
100 ## - KİŞİ ADI
Yazar Adı (Kişi adı) Faber, Polly
245 #0 - ESER ADI BİLDİRİMİ
Başlık Bir ev yapmak /
Sorumluluk Bildirimi Polly Faber ; resimleyen Klas Fahlen.
260 ## - YAYIN, DAĞITIM, VB.
Yayın Yeri İstanbul :
Yayınevi Fibula ,
Yayın Tarihi 2022.
300 ## - FİZİKSEL TANIMLAMA
Sayfa, Cilt vb. 32 s. :
Diğer fiziki detaylar renkli resimli ;
Boyutları 29 cm.
650 ## - KONU BAŞLIĞI EK GİRİŞ - KONU TERİMİ
Konusal terim veya coğrafi ad İnşaat.
Alt başlık biçimi Bina Yapımı.
-- Evler.
-- Mühendislik.
700 1# - EK GİRİŞ - KİŞİ ADI
Yazar Adı (Kişi adı) Fahlen, Klas.
Ünvan resimleyen.
942 ## - EK GİRİŞ ÖGELERİ (KOHA)
Source of classification or shelving scheme Dewey Decimal Classification
Koha item type Kitap
Holdings
Kayıp Durumu Sınıflandırma Kaynağı Hasarlı Durumu Koleksiyon Kodu Kalıcı Konum Mevcut Konum Kayıt Tarih Edinim Kaynağı Toplam Ödünçverme Yer Numarası Demirbaş Numarası Son Görülme Tarihi Son Kontrol Tarihi Fatura Tarihi Materyal Türü
  Dewey Decimal Classification   İlkokul İLKOKUL KÜTÜPHANESİ İLKOKUL KÜTÜPHANESİ 16/04/2025 Satınalma 1 690 FAB/B 23102 05/12/2025 20/11/2025 16/04/2025 Kitap